Çetin Ceviz (Record no. 977758)

MARC details
000 -LEADER
sabit uzunluktaki kontrol alanı 00246nam a2200097Ia 4500
001 - KONTROL NUMARASI
kontrol alanı 977758
005 - EN SON İŞLEMİN TARİH VE ZAMANI
kontrol alanı 20250826220734.0
008 - SABİT-UZUNLUKTA VERİ ÖĞELERİ--GENEL BİLGİ
sabit uzunluktaki kontrol alanı 250824s9999 xx 000 0 und d
245 #0 - ESER / YAZAR
ESER ADI Çetin Ceviz
Yazar Adı Harold Gale , Carolyn Skitt
260 ## - YAYIN, DAĞITIM, VB.
YAYIN EVİ TİMAŞ GENÇ
Holdings
Düşüm durumu Kayıp durumu Hasar Durumu Ödünç verilmez Ana kütüphane Geçerli Kütüphane Edinilen tarih Toplam ödünç verme sayısı Barkod Son görüntüleme tarihi Fiyatın geçerli olmaya başladığı tarih Koha materyal türü
        SELÇUKLU BELEDİYESİ ORTAOKULU SELÇUKLU BELEDİYESİ ORTAOKULU 24.08.2025   10589965 26.08.2025 26.08.2025 Books